| 000 | 01303nam a2200337 c 4500 | ||
|---|---|---|---|
| 003 | BLK | ||
| 005 | 20180422105050.0 | ||
| 008 | 180409b bul|||||r ||||||| ||bul|| | ||
| 010 | _aKNG00101505000 | ||
| 020 |
_a954-730-127-6 _bиздат.: Сиби |
||
| 040 | _aBLK | ||
| 041 |
_aBUL _cBUL |
||
| 080 |
_aТрудово право. Вж и 331 _b349.2 _x(497.2)(035) _z349.2(497.2)(035) |
||
| 100 | 1 |
_aСредкова, Красимира _eпърви автор _9370392 |
|
| 700 | 1 |
_aИванова, Красимира Средкова _e* _9366461 |
|
| 139 |
_aСредкова, Красимира _bС 60 |
||
| 245 | 1 | 0 |
_aНаръчник на работодателя _cКрасимира Средкова; * Красимира Средкова Иванова. |
| 257 | _aBGR | ||
| 260 |
_аСофия _bСиби _c2002 _fСофия : Елиана 2000 |
||
| 300 |
_a304 с. _c20 см |
||
| 380 | _a3 | ||
| 500 | _aПълното име на авт. е Красимира Средкова Иванова. | ||
| 650 | 4 |
_aТрудово право - България _9248377 |
|
| 653 | _aтрудови отношения | ||
| 653 | _aтрудово право | ||
| 852 | _aЦб 211607 | ||
| 856 | 4 |
_qpdf _u |
|
| 856 | 4 |
_qpdf _u |
|
| 942 |
_cKNG _n0 |
||
| 944 |
_aCR _c01.01.2002 _kКети_Илиева |
||
| 944 |
_aED _c04.01.2013 _k |
||
| 999 |
_c96605 _d96605 |
||